[Event "CZE-chT U18 Extraliga Ost 1718"]
[Site "Czech Republic"]
[Date "2017.11.25"]
[Round "5.6"]
[White "Markova, Kristyna"]
[Black "Babula, Vlastimil1111"]
[Result "0-1"]
[WhiteElo "1622"]
[BlackElo "1659"]
[PlyCount "120"]
[EventDate "2017.10.07"]
[EventType "team-tourn"]
[EventRounds "11"]
[EventCountry "CZE"]
[SourceTitle "EXT 2023"]
[Source "ChessBase"]
[SourceDate "2022.10.05"]
[SourceVersion "1"]
[SourceVersionDate "2022.10.05"]
[SourceQuality "1"]
[WhiteTeam "Frydek Mistek Interchess (U18)"]
[BlackTeam "Stare Mesto (U18)"]
[WhiteTeamCountry "CZE"]
[BlackTeamCountry "CZE"]

1. e4 c5 2. Nf3 d6 3. Bb5+ Nd7 4. c4 Ngf6 5. Nc3 g6 6. 0-0 Bg7 7. d4 cxd4 8. Nxd4 0-0 9. Bxd7 Bxd7 10. Rb1 Rc8 11. b3 Qb6 12. Nde2 Bc6 13. Be3 Qc7 14. f3 a6 15. a4 Nd7 16. Qc2 b5 17. cxb5 axb5 18. Nxb5 Bxb5 19. Qxc7 Rxc7 20. axb5 Rb7 21. Bd4 Rxb5 22. Bxg7 Kxg7 23. Nd4 Rb6 24. Rfc1 Ne5 25. Rc7 Kf6 26. b4 Rfb8 27. b5 Nd3 28. Rb3 Nc5 29. Ra3 R6b7 30. Ra7 Rxc7 31. Rxc7 e6 32. Nc6 Rxb5 33. Nd8 Rb1+ 34. Kf2 Nd3+ 35. Kg3 Ne5 36. f4 Rb3+ 37. Kf2 Ng4+ 38. Ke2 Nh6 39. g4 g5 40. fxg5+ Kxg5 41. Nxf7+ Nxf7 42. Rxf7 Rb2+ 43. Kf3 Rxh2 44. Rd7 Rh3+ 45. Ke2 Kxg4 46. Rxd6 Rh6 47. Rd7 Kf4 48. Kd3 Rh3+ 49. Kd4 e5+ 50. Kc4 Kxe4 51. Rg7 h5 52. Rg1 Kf4 53. Rf1+ Rf3 54. Rh1 Kg4 55. Rg1+ Rg3 56. Re1 h4 57. Rxe5 h3 58. Re8 h2 59. Rh8 Rh3 60. Rg8+ Kf5 0-1

[Event "Morava-ch U16"]
[Site "Loucna nad Desnou"]
[Date "2017.10.27"]
[Round "7"]
[White "Markova, Kristyna"]
[Black "Targosz, Jiri"]
[Result "1/2-1/2"]
[WhiteElo "1622"]
[BlackElo "1427"]
[PlyCount "104"]
[EventDate "2017.10.24"]
[EventType "swiss"]
[EventRounds "9"]
[EventCountry "CZE"]
[SourceTitle "EXT 2020"]
[Source "ChessBase"]
[SourceDate "2019.10.17"]
[SourceVersion "1"]
[SourceVersionDate "2019.10.17"]
[SourceQuality "1"]

1. e4 e6 2. d4 d5 3. Nc3 Bb4 4. e5 Nd7 5. Qg4 Kf8 6. Bd3 c5 7. a3 Ba5 8. b4 cxd4 9. Qxd4 Bb6 10. Qf4 Qc7 11. Bb2 Qxe5+ 12. Qxe5 Nxe5 13. f4 Nxd3+ 14. cxd3 Bd7 15. Nf3 Nf6 16. Rc1 Be3 17. Rc2 Bxf4 18. Rf1 Rc8 19. Rcf2 Ng4 20. Re2 Nxh2 21. Nxh2 Bxh2 22. Rf3 Bd6 23. Ref2 f6 24. g4 Be5 25. Nd1 Bxb2 26. Nxb2 Rc1+ 27. Kd2 Rc6 28. g5 e5 29. gxf6 gxf6 30. Rxf6+ Rxf6 31. Rxf6+ Ke7 32. Rh6 Bf5 33. Rh5 Kf6 34. Nd1 Kg6 35. Rh2 h5 36. Ne3 d4 37. Nxf5 Kxf5 38. Rh4 Kg5 39. Re4 h4 40. Rxe5+ Kf4 41. Re4+ Kf3 42. Rxd4 h3 43. Rd7 Rh4 44. Rxb7 h2 45. Rf7+ Kg3 46. Rg7+ Kh3 47. Rxa7 h1Q 48. Ra5 Qa1 49. Kc2 Rxb4 50. axb4 Qd4 51. Kb3 Qxd3+ 52. Ka4 Qd4 1/2-1/2

[Event "CZE-ch U14 Girls"]
[Site "Kouty nad Desnou"]
[Date "2017.03.17"]
[Round "8"]
[White "Laurincova, Kristyna"]
[Black "Markova, Kristyna"]
[Result "1-0"]
[WhiteElo "1855"]
[BlackElo "1597"]
[PlyCount "75"]
[EventDate "2017.03.11"]
[EventType "swiss"]
[EventRounds "9"]
[EventCountry "CZE"]
[SourceTitle "CBM 177 Extra"]
[Source "ChessBase"]
[SourceDate "2017.04.27"]
[SourceVersion "1"]
[SourceVersionDate "2017.04.27"]
[SourceQuality "1"]

1. e4 e5 2. Bc4 Nf6 3. d3 d6 4. Nf3 Be7 5. 0-0 c6 6. Bb3 0-0 7. h3 b5 8. Re1 Nbd7 9. c3 a5 10. Nbd2 Ba6 11. Nf1 Qc7 12. Ng3 Nc5 13. Bc2 Bc8 14. d4 Nb7 15. Nh4 Rd8 16. Nhf5 d5 17. exd5 Rxd5 18. Bb3 Rd8 19. Rxe5 Bd6 20. Nxd6 Qxd6 21. Bf4 Qd7 22. Nh5 a4 23. Bc2 Nxh5 24. Qxh5 g6 25. Qg5 Re8 26. Rae1 Rxe5 27. Bxe5 Qd8 28. Bf6 Qf8 29. Be5 Qd8 30. Qh6 Qf8 31. Bg7 Qd8 32. Re4 Bf5 33. Rh4 Qxh4 34. Qxh4 Bxc2 35. Be5 Nd8 36. Qf6 Kf8 37. Qd6+ Kg8 38. Qe7 1-0

[Event "CZE-ch U14 Girls"]
[Site "Kouty nad Desnou"]
[Date "2017.03.14"]
[Round "5"]
[White "Richterova, Julie"]
[Black "Markova, Kristyna"]
[Result "1-0"]
[WhiteElo "1691"]
[BlackElo "1597"]
[PlyCount "97"]
[EventDate "2017.03.11"]
[EventType "swiss"]
[EventRounds "9"]
[EventCountry "CZE"]
[SourceTitle "CBM 177 Extra"]
[Source "ChessBase"]
[SourceDate "2017.04.27"]
[SourceVersion "1"]
[SourceVersionDate "2017.04.27"]
[SourceQuality "1"]

1. e4 e5 2. Nf3 Nf6 3. Nxe5 d6 4. Nf3 Nxe4 5. d4 d5 6. Bd3 Nc6 7. 0-0 Be7 8. c4 Nb4 9. Re1 Bf5 10. Bf1 0-0 11. a3 Nc6 12. Nc3 Nxc3 13. bxc3 dxc4 14. Bxc4 Na5 15. Ba2 Bg4 16. h3 Bxf3 17. Qxf3 Bd6 18. Bb2 Qd7 19. c4 c6 20. Rad1 Rae8 21. Qc3 Bc7 22. d5 f6 23. c5 Kh8 24. d6 Bd8 25. Qf3 b6 26. Bb1 g6 27. Rxe8 Qxe8 28. d7 Qe6 29. cxb6 axb6 30. Bc3 Rf7 31. Qd3 Nb7 32. Qd2 Re7 33. Ba2 Qf5 34. Qd4 Re4 35. Qd2 Re7 36. Bb1 Qe6 37. Qb2 Kg7 38. Ba2 Qf5 39. Qb3 Rxd7 40. Qg8+ Kh6 41. Bd2+ g5 42. Be6 Qc2 43. Bb3 Qb2 44. Bxg5+ fxg5 45. Qe6+ Qf6 46. Qxd7 Nc5 47. Qxd8 Qxd8 48. Rxd8 Nxb3 49. Rd6+ 1-0

[Event "CZE-ch U14 Girls"]
[Site "Kouty nad Desnou"]
[Date "2017.03.11"]
[Round "1"]
[White "Holaskova, Veronika"]
[Black "Markova, Kristyna"]
[Result "0-1"]
[WhiteElo "1208"]
[BlackElo "1597"]
[PlyCount "48"]
[EventDate "2017.03.11"]
[EventType "swiss"]
[EventRounds "9"]
[EventCountry "CZE"]
[SourceTitle "CBM 177 Extra"]
[Source "ChessBase"]
[SourceDate "2017.04.27"]
[SourceVersion "1"]
[SourceVersionDate "2017.04.27"]
[SourceQuality "1"]

1. e4 e5 2. d4 exd4 3. c3 Qh4 4. Qxd4 Nc6 5. Qd1 Qxe4+ 6. Be3 Bc5 7. Nd2 Qe7 8. Nc4 b5 9. b4 Bb6 10. Nxb6 axb6 11. Bxb5 Qe5 12. Bxc6 Qxc3+ 13. Bd2 Qxc6 14. Nf3 Qe4+ 15. Qe2 Nf6 16. Bc3 Bb7 17. Ng5 Qxe2+ 18. Kxe2 Nd5 19. Bxg7 Rg8 20. Bh6 Rg6 21. Rhe1 Rxh6 22. Kf1+ Kf8 23. Kg1 Nxb4 24. Rec1 Rg6 0-1

[Event "EU-ch U14 Girls 26th"]
[Site "Prague"]
[Date "2016.08.24"]
[Round "6"]
[White "Markova, Kristyna"]
[Black "Nass, Maria"]
[Result "0-1"]
[WhiteElo "1536"]
[BlackElo "1588"]
[PlyCount "58"]
[EventDate "2016.08.18"]
[EventType "swiss"]
[EventRounds "9"]
[EventCountry "CZE"]
[SourceTitle "CBM 174 Extra"]
[Source "ChessBase"]
[SourceDate "2016.10.10"]
[SourceVersion "1"]
[SourceVersionDate "2016.10.10"]
[SourceQuality "1"]

1. e4 e5 2. Nf3 Nc6 3. Bc4 Nf6 4. d3 Be7 5. c3 d5 6. exd5 Nxd5 7. Qb3 Nb6 8. Bxf7+ Kf8 9. Bc4 Bf5 10. 0-0 Bxd3 11. Bxd3 Qxd3 12. Bg5 Qf5 13. Bxe7+ Kxe7 14. Re1 Raf8 15. Nbd2 Kd7 16. Ne4 Kc8 17. Neg5 Re8 18. Qf7 Qc2 19. Qxg7 Qxb2 20. Nf7 Rhg8 21. Qxh7 Rgf8 22. Rad1 Qxa2 23. Qh3+ Kb8 24. N7g5 Qc2 25. Ne6 Rf6 26. Ng7 Rg8 27. Qh4 Rg6 28. Nh5 Rxg2+ 29. Kh1 Qxc3 0-1

[Event "EU-ch U14 Girls 26th"]
[Site "Prague"]
[Date "2016.08.22"]
[Round "5"]
[White "Markova, Kristyna"]
[Black "Janotkova, Katerina"]
[Result "1-0"]
[WhiteElo "1536"]
[BlackElo "1229"]
[PlyCount "69"]
[EventDate "2016.08.18"]
[EventType "swiss"]
[EventRounds "9"]
[EventCountry "CZE"]
[SourceTitle "CBM 174 Extra"]
[Source "ChessBase"]
[SourceDate "2016.10.10"]
[SourceVersion "1"]
[SourceVersionDate "2016.10.10"]
[SourceQuality "1"]

1. e4 c5 2. Nf3 e6 3. d4 cxd4 4. Nxd4 Nc6 5. Nc3 a6 6. Be3 Qc7 7. Be2 Nf6 8. 0-0 Be7 9. Nxc6 Qxc6 10. Bf3 Qc7 11. Re1 d6 12. Na4 Bd7 13. Nb6 Rd8 14. a4 Bc6 15. c3 Bxe4 16. Bxe4 Nxe4 17. Qg4 f5 18. Qxg7 Rf8 19. Qxh7 Nf6 20. Qg6+ Rf7 21. a5 d5 22. Bg5 Rd6 23. Bf4 Qd8 24. Bxd6 Qxd6 25. Re2 Ne4 26. Nc8 Qc7 27. Nxe7 Qxe7 28. f3 Qc5+ 29. Kf1 Nf6 30. Rxe6+ Kf8 31. Rxf6 Rxf6 32. Qxf6+ Kg8 33. Re1 Qc8 34. Qe6+ Qxe6 35. Rxe6 1-0

[Event "EU-ch U14 Girls 26th"]
[Site "Prague"]
[Date "2016.08.21"]
[Round "4"]
[White "Kulpa, Zuzanna"]
[Black "Markova, Kristyna"]
[Result "1-0"]
[WhiteElo "1719"]
[BlackElo "1536"]
[PlyCount "73"]
[EventDate "2016.08.18"]
[EventType "swiss"]
[EventRounds "9"]
[EventCountry "CZE"]
[SourceTitle "CBM 174 Extra"]
[Source "ChessBase"]
[SourceDate "2016.10.10"]
[SourceVersion "1"]
[SourceVersionDate "2016.10.10"]
[SourceQuality "1"]

1. d4 d5 2. c4 e6 3. Nf3 Nf6 4. g3 Nbd7 5. Bg2 Bb4+ 6. Bd2 Bxd2+ 7. Nbxd2 0-0 8. 0-0 b6 9. Rc1 Bb7 10. Qc2 c5 11. cxd5 exd5 12. dxc5 Nxc5 13. Nb3 Rc8 14. Nxc5 Rxc5 15. Qd3 Ra5 16. Qb1 Qe7 17. Nd4 Ne4 18. Nb3 Ra4 19. Rfd1 Rc4 20. Nd2 Rxc1 21. Qxc1 Rc8 22. Qb1 Nxd2 23. Rxd2 Qc5 24. Qd1 Rd8 25. Rd4 h6 26. e4 Re8 27. exd5 Qa5 28. Rd2 Qxa2 29. d6 Bxg2 30. d7 Rd8 31. Kxg2 Qe6 32. Qc2 g6 33. Qc7 Qe4+ 34. f3 Qa8 35. Rc2 Kh7 36. Qc8 Qxc8 37. dxc8Q 1-0

[Event "Kaunas Butnorius 70 op"]
[Site "Kaunas"]
[Date "2016.08.05"]
[Round "7"]
[White "Markova, Kristyna"]
[Black "Ocko, Dominik"]
[Result "0-1"]
[WhiteElo "1536"]
[BlackElo "1784"]
[PlyCount "92"]
[EventDate "2016.08.01"]
[EventType "swiss"]
[EventRounds "9"]
[EventCountry "LTU"]
[SourceTitle "CBM 173 Extra"]
[Source "ChessBase"]
[SourceDate "2016.08.29"]
[SourceVersion "1"]
[SourceVersionDate "2016.08.29"]
[SourceQuality "1"]

1. e4 c5 2. Nf3 d6 3. d4 cxd4 4. Nxd4 Nf6 5. Nc3 a6 6. Bg5 e6 7. Be2 Be7 8. 0-0 Nbd7 9. Qd2 0-0 10. Kh1 Qc7 11. Bxf6 Nxf6 12. f4 b5 13. a3 Bb7 14. Bf3 Rab8 15. Rae1 Rfd8 16. e5 dxe5 17. fxe5 Nd5 18. Nxd5 Bxd5 19. Bxd5 Rxd5 20. Qf4 Bc5 21. Nf3 h6 22. Rd1 Rbd8 23. Rxd5 Rxd5 24. Qe4 Qd8 25. Qe2 Qd7 26. b4 Bb6 27. h3 Qc7 28. a4 Qc3 29. axb5 axb5 30. Rb1 Bd4 31. Rb3 Qa1+ 32. Kh2 Bxe5+ 33. Nxe5 Qxe5+ 34. Qxe5 Rxe5 35. Rd3 Kf8 36. Kg3 Re4 37. c3 Ke7 38. Kf3 Rc4 39. Ke3 f5 40. g3 g5 41. Kf3 h5 42. g4 hxg4+ 43. hxg4 Rxg4 44. Rd4 Rxd4 45. cxd4 Kd6 46. Ke3 Kd5 0-1

[Event "Kaunas Butnorius 70 op"]
[Site "Kaunas"]
[Date "2016.08.05"]
[Round "8"]
[White "Paskauskas, Zenonas"]
[Black "Markova, Kristyna"]
[Result "0-1"]
[WhiteElo "1414"]
[BlackElo "1536"]
[PlyCount "42"]
[EventDate "2016.08.01"]
[EventType "swiss"]
[EventRounds "9"]
[EventCountry "LTU"]
[SourceTitle "CBM 173 Extra"]
[Source "ChessBase"]
[SourceDate "2016.08.29"]
[SourceVersion "1"]
[SourceVersionDate "2016.08.29"]
[SourceQuality "1"]

1. e4 e5 2. f4 d5 3. exd5 exf4 4. Nf3 Nf6 5. c4 c6 6. dxc6 Nxc6 7. d3 Bg4 8. Be2 Bb4+ 9. Nc3 0-0 10. Bxf4 Bxf3 11. Bxf3 Re8+ 12. Kf2 Qd4+ 13. Kg3 Rad8 14. Be2 Bxc3 15. bxc3 Qxc3 16. Rc1 Ne4+ 17. Kh4 Qf6+ 18. Kh5 g6+ 19. Kg4 Nf2+ 20. Kg3 Nxd1 21. Rcxd1 Rxe2 0-1

[Event "Orlova op 13th"]
[Site "Orlova"]
[Date "2016.05.26"]
[Round "6"]
[White "Markova, Kristyna"]
[Black "Novak, Tomas"]
[Result "1-0"]
[WhiteElo "1537"]
[BlackElo "1111"]
[PlyCount "37"]
[EventDate "2016.05.21"]
[EventType "swiss"]
[EventRounds "9"]
[EventCountry "CZE"]
[SourceTitle "EXT 2017"]
[Source "ChessBase"]
[SourceDate "2016.10.25"]
[SourceVersion "1"]
[SourceVersionDate "2016.10.25"]
[SourceQuality "1"]

1. e4 e5 2. Nc3 Nf6 3. f4 exf4 4. e5 Ng8 5. Nf3 Bb4 6. d4 d6 7. Bxf4 Nc6 8. Bb5 Bd7 9. 0-0 Nge7 10. Bd3 Bxc3 11. bxc3 Nd5 12. Qd2 0-0 13. exd6 Nxf4 14. Qxf4 cxd6 15. Ng5 Be6 16. Bxh7+ Kh8 17. Qh4 g6 18. Bxg6+ Kg7 19. Qh7# 1-0

[Event "CZE-ch U12 Girls"]
[Site "Kouty nad Desnou"]
[Date "2015.03.12"]
[Round "7"]
[White "Markova, Kristyna"]
[Black "Pisova, Petra"]
[Result "1/2-1/2"]
[WhiteElo "1449"]
[BlackElo "1254"]
[PlyCount "93"]
[EventDate "2015.03.07"]
[EventType "swiss"]
[EventRounds "9"]
[EventCountry "CZE"]
[SourceTitle "EXT 2017"]
[Source "ChessBase"]
[SourceDate "2016.10.25"]
[SourceVersion "1"]
[SourceVersionDate "2016.10.25"]
[SourceQuality "1"]

1. e4 e5 2. Nf3 Nf6 3. d4 exd4 4. e5 Qe7 5. Qe2 Nd5 6. Nxd4 Qb4+ 7. c3 Qb6 8. Qf3 c6 9. Bc4 Qc5 10. Bb3 d6 11. exd6 Bxd6 12. Nd2 Bc7 13. Ne4 Qe7 14. 0-0 0-0 15. Bd2 Qh4 16. Ng3 Bg4 17. Qd3 Nd7 18. Bxd5 cxd5 19. f4 Rfe8 20. Nb5 Bb6+ 21. Kh1 Nc5 22. Qc2 Ne4 23. Be1 Nxg3+ 24. Bxg3 Qh6 25. Rae1 Qc6 26. Qd3 a6 27. Nd4 Bxd4 28. Qxd4 Qc4 29. Qxc4 dxc4 30. h3 Bf5 31. Rxe8+ Rxe8 32. Re1 Rxe1+ 33. Bxe1 Kf8 34. Kg1 Ke7 35. Kf2 Ke6 36. g4 Bb1 37. a3 Kd5 38. Ke3 f6 39. h4 g6 40. g5 fxg5 41. hxg5 Kc5 42. Kd2 Kb5 43. Kc1 Bd3 44. Bf2 Ka5 45. Bg3 Ka4 46. Bf2 Kb5 47. Bg3 1/2-1/2

[Event "CZE-ch U12 Girls"]
[Site "Kouty nad Desnou"]
[Date "2015.03.10"]
[Round "5"]
[White "Markova, Kristyna"]
[Black "Pavlickova, Tereza"]
[Result "1-0"]
[WhiteElo "1449"]
[BlackElo "1100"]
[PlyCount "95"]
[EventDate "2015.03.07"]
[EventType "swiss"]
[EventRounds "9"]
[EventCountry "CZE"]
[SourceTitle "EXT 2017"]
[Source "ChessBase"]
[SourceDate "2016.10.25"]
[SourceVersion "1"]
[SourceVersionDate "2016.10.25"]
[SourceQuality "1"]

1. e4 e5 2. Nc3 Nc6 3. Nf3 Nf6 4. d4 Bb4 5. Bg5 d6 6. Bb5 Bg4 7. dxe5 dxe5 8. Qxd8+ Rxd8 9. Nxe5 0-0 10. Bxc6 bxc6 11. Bxf6 gxf6 12. Nxg4 Rd6 13. Rd1 Rfd8 14. Rxd6 Rxd6 15. Ke2 Kg7 16. Rd1 Rxd1 17. Kxd1 a5 18. a3 Bc5 19. Ke2 Bd4 20. Kd3 c5 21. b4 axb4 22. axb4 Bxc3 23. Kxc3 cxb4+ 24. Kxb4 Kg6 25. Kc5 f5 26. exf5+ Kxf5 27. Nh6+ Ke6 28. Nxf7 Kxf7 29. Kc6 Ke6 30. Kxc7 Kd5 31. Kd7 Kd4 32. c4 Kxc4 33. f4 Kd5 34. f5 Ke4 35. f6 h5 36. f7 h4 37. f8Q Ke3 38. Qb4 Kf2 39. Qxh4+ Ke3 40. Qc4 Kf2 41. Qd3 Kxg2 42. Qe3 Kxh2 43. Qg5 Kh3 44. Ke6 Kh2 45. Kf5 Kh1 46. Kf4 Kh2 47. Kf3 Kh3 48. Qg3# 1-0

[Event "CZE-ch U12 Girls"]
[Site "Kouty nad Desnou"]
[Date "2015.03.09"]
[Round "3"]
[White "Markova, Kristyna"]
[Black "Malkova, Adriana"]
[Result "0-1"]
[WhiteElo "1449"]
[BlackElo "1558"]
[PlyCount "120"]
[EventDate "2015.03.07"]
[EventType "swiss"]
[EventRounds "9"]
[EventCountry "CZE"]
[SourceTitle "EXT 2017"]
[Source "ChessBase"]
[SourceDate "2016.10.25"]
[SourceVersion "1"]
[SourceVersionDate "2016.10.25"]
[SourceQuality "1"]

1. e4 c5 2. Nf3 Nc6 3. d4 cxd4 4. Nxd4 g6 5. Nc3 Bg7 6. Be3 Nf6 7. Bc4 0-0 8. Bb3 a5 9. 0-0 a4 10. Nxa4 Nxe4 11. Nb5 d6 12. Bb6 Qd7 13. Re1 Nf6 14. Nc7 Rb8 15. Nc3 Ne8 16. N3d5 Nxc7 17. Nxc7 Bxb2 18. Rb1 Bg7 19. Ba4 e6 20. Ba7 Qxc7 21. Bxb8 Nxb8 22. Qd3 Bd7 23. Bxd7 Nxd7 24. Qb3 b6 25. a4 Ra8 26. c3 Qxc3 27. Qxc3 Bxc3 28. Rec1 Bd4 29. Rc4 Bc5 30. Ra1 Ne5 31. Rcc1 Nd3 32. Rc2 b5 33. a5 b4 34. Rd2 Ne5 35. Ra4 Nc6 36. a6 Nb8 37. Rda2 b3 38. Rb2 Rxa6 39. Rxa6 Nxa6 40. Rxb3 Nb4 41. Kf1 Kg7 42. Ke2 f5 43. Kd2 e5 44. Kc3 Nd5+ 45. Kc4 Nf4 46. g3 Nh3 47. f3 Ng5 48. h4 Ne6 49. g4 fxg4 50. fxg4 Kf6 51. Rf3+ Nf4 52. Kc3 h5 53. gxh5 gxh5 54. Kd2 Kf5 55. Rg3 e4 56. Rg5+ Ke6 57. Rg3 e3+ 58. Ke1 e2 59. Re3+ Kd5 60. Rf3 Bb4+ 0-1

[Event "CZE-ch U12 Girls"]
[Site "Kouty nad Desnou"]
[Date "2015.03.08"]
[Round "2"]
[White "Richterova, Julie"]
[Black "Markova, Kristyna"]
[Result "1/2-1/2"]
[WhiteElo "1459"]
[BlackElo "1449"]
[PlyCount "48"]
[EventDate "2015.03.07"]
[EventType "swiss"]
[EventRounds "9"]
[EventCountry "CZE"]
[SourceTitle "EXT 2017"]
[Source "ChessBase"]
[SourceDate "2016.10.25"]
[SourceVersion "1"]
[SourceVersionDate "2016.10.25"]
[SourceQuality "1"]

1. d4 Nf6 2. c4 e6 3. Nf3 d5 4. g3 Be7 5. Bg2 0-0 6. 0-0 b6 7. Qc2 dxc4 8. Qxc4 Ba6 9. Qc2 Bb7 10. Nbd2 Nbd7 11. b3 Rc8 12. Bb2 c5 13. dxc5 Nxc5 14. Qd1 Nfe4 15. Nxe4 Bxe4 16. Rc1 Rc7 17. Qxd8 Rxd8 18. Rfd1 Rcd7 19. Rxd7 Rxd7 20. Ne5 Rd2 21. Bxe4 Rxb2 22. Rc2 Rxc2 23. Bxc2 Bf6 24. Nc4 Kf8 1/2-1/2

[Event "EU-ch U12 Girls 24th"]
[Site "Batumi"]
[Date "2014.10.22"]
[Round "4"]
[White "Markova, Kristyna"]
[Black "Stroganova, Karina"]
[Result "0-1"]
[WhiteElo "1450"]
[BlackElo "1599"]
[PlyCount "82"]
[EventDate "2014.10.19"]
[EventType "swiss"]
[EventRounds "9"]
[EventCountry "GEO"]
[SourceTitle "EXT 2016"]
[Source "ChessBase"]
[SourceDate "2015.10.08"]
[SourceVersion "1"]
[SourceVersionDate "2015.10.08"]
[SourceQuality "1"]

1. e4 e5 2. Nc3 Nf6 3. g3 d5 4. exd5 Nxd5 5. Bg2 Nxc3 6. bxc3 Bc5 7. Ne2 Nc6 8. 0-0 0-0 9. d3 Bf5 10. Be3 Bb6 11. d4 Qe7 12. Qc1 exd4 13. cxd4 h6 14. Qb2 Rad8 15. c4 Qf6 16. c5 Bxc5 17. Qxb7 Nxd4 18. Nxd4 Bxd4 19. Bxd4 Qxd4 20. Qxc7 Rc8 21. Qa5 Bg6 22. Rfd1 Qc5 23. Rd5 Qxa5 24. Rxa5 Rc7 25. Re1 Rd8 26. h3 Rd2 27. Bd5 Rcc2 28. Bb3 Rb2 29. Rxa7 Rxf2 30. Bd5 Rfd2 31. Ra5 Rd3 32. Ra8+ Kh7 33. a4 Rxd5 34. a5 Rdd2 35. a6 Rg2+ 36. Kh1 Rh2+ 37. Kg1 Rbg2+ 38. Kf1 Bd3+ 39. Re2 Bxe2+ 40. Ke1 Rh1+ 41. Kd2 Bf3+ 0-1

[Event "EU-ch U12 Girls 24th"]
[Site "Batumi"]
[Date "2014.10.21"]
[Round "3"]
[White "Verbin, Valentina"]
[Black "Markova, Kristyna"]
[Result "1/2-1/2"]
[WhiteElo "1643"]
[BlackElo "1450"]
[PlyCount "58"]
[EventDate "2014.10.19"]
[EventType "swiss"]
[EventRounds "9"]
[EventCountry "GEO"]
[SourceTitle "EXT 2016"]
[Source "ChessBase"]
[SourceDate "2015.10.08"]
[SourceVersion "1"]
[SourceVersionDate "2015.10.08"]
[SourceQuality "1"]

1. e4 e5 2. Nf3 Nf6 3. Nc3 Bb4 4. Nxe5 d6 5. Nd3 Bxc3 6. dxc3 Nxe4 7. Be2 0-0 8. Nf4 Nc6 9. 0-0 Ne5 10. c4 Qh4 11. f3 Nc5 12. Nd5 Qd8 13. b3 a5 14. Bb2 Be6 15. Qd4 Bxd5 16. cxd5 f6 17. h4 Re8 18. Rf2 Re7 19. h5 h6 20. f4 Ned7 21. Bf3 Qe8 22. g4 Ne4 23. Re2 Nec5 24. Rae1 Rxe2 25. Rxe2 Qf7 26. Qe3 Kf8 27. Kf2 Re8 28. Qxe8+ Qxe8 29. Rxe8+ Kxe8 1/2-1/2

[Event "Ostrava Konik op"]
[Site "Ostrava"]
[Date "2014.05.04"]
[Round "9"]
[White "Markova, Kristyna"]
[Black "Odstrcil, Lukas"]
[Result "0-1"]
[WhiteElo "1474"]
[BlackElo "1220"]
[PlyCount "99"]
[EventDate "2014.04.26"]
[EventType "swiss"]
[EventRounds "9"]
[EventCountry "CZE"]
[SourceTitle "CBM 160 Extra"]
[Source "ChessBase"]
[SourceDate "2014.07.01"]
[SourceVersion "1"]
[SourceVersionDate "2014.07.01"]
[SourceQuality "1"]

1. e4 c5 2. Nf3 d6 3. d4 cxd4 4. Nxd4 g6 5. Nc3 Nf6 6. Be3 Bg7 7. f3 0-0 8. Qd2 Nc6 9. 0-0-0 Bd7 10. Kb1 Rc8 11. g4 Ne5 12. h4 Nc4 13. Bxc4 Rxc4 14. h5 Qc7 15. hxg6 fxg6 16. Bh6 Bxh6 17. Rxh6 Rf7 18. Nd5 Nxd5 19. exd5 Qd8 20. b3 Rc5 21. Ne6 Bxe6 22. dxe6 Rg7 23. Rdh1 Qf8 24. Qh2 Qf6 25. Rxh7 Rxh7 26. Qxh7+ Kf8 27. Rh6 Rg5 28. Qh8+ Qxh8 29. Rxh8+ Kg7 30. Re8 Kf6 31. Ra8 a6 32. Rb8 Rb5 33. Rg8 g5 34. a4 Rb4 35. Kb2 Rb6 36. c4 Rc6 37. Rf8+ Kxe6 38. Rf5 Rc5 39. Rxc5 dxc5 40. Kc2 Ke5 41. Kd3 Kf4 42. Ke2 e5 43. Kf2 a5 44. Ke2 e4 45. fxe4 Kxe4 46. Kd2 Kf3 47. Kd3 Kxg4 48. Ke3 Kg3 49. Ke4 g4 50. Ke3 0-1

[Event "CZE-ch U12 Girls"]
[Site "Kouty nad Desnou"]
[Date "2014.03.13"]
[Round "7"]
[White "Nemcova, Karin"]
[Black "Markova, Kristyna"]
[Result "0-1"]
[WhiteElo "1696"]
[BlackElo "1366"]
[PlyCount "136"]
[EventDate "2014.03.08"]
[EventType "swiss"]
[EventRounds "9"]
[EventCountry "CZE"]
[SourceTitle "EXT 2015"]
[Source "ChessBase"]
[SourceDate "2014.11.20"]
[SourceVersion "1"]
[SourceVersionDate "2014.11.20"]
[SourceQuality "1"]

1. e4 e5 2. Nf3 Nf6 3. Nxe5 d6 4. Nf3 Nxe4 5. c4 Nc6 6. Nc3 Nxc3 7. dxc3 Be6 8. Be2 Be7 9. 0-0 0-0 10. Be3 d5 11. cxd5 Bxd5 12. Qc2 Bd6 13. Rad1 Be6 14. Ng5 g6 15. Nxe6 fxe6 16. h3 Qe7 17. Rfe1 Rad8 18. Qb3 Bf4 19. Bxf4 Rxf4 20. Qxb7 Qc5 21. Rxd8+ Nxd8 22. Qa8 Qxf2+ 23. Kh2 Qxe1 24. Qxd8+ Rf8 25. Qd3 Qf2 26. b4 Qf4+ 27. Kh1 Qd6 28. Qe3 Qb6 29. Qe4 Rd8 30. Bg4 Rd6 31. a4 Qc6 32. Qe3 h5 33. Bf3 Qxa4 34. Qe4 Kf7 35. Qf4+ Kg7 36. Qe5+ Kh7 37. Qf6 Qd7 38. Qg5 Qd8 39. Qf4 Rd1+ 40. Bxd1 Qxd1+ 41. Kh2 Qd6 42. Kg3 g5 43. Qxd6 cxd6 44. Kf3 Kg7 45. g4 h4 46. Ke4 Kf7 47. c4 Ke7 48. Kd4 Kd7 49. Ke4 Kc6 50. Kd4 a6 51. Ke4 d5+ 52. cxd5+ exd5+ 53. Ke5 Kb5 54. Kxd5 Kxb4 55. Ke5 a5 56. Kf5 a4 57. Kxg5 a3 58. Kxh4 a2 59. Kg5 a1Q 60. h4 Qg7+ 61. Kf5 Kc5 62. h5 Kd6 63. g5 Qh7+ 64. Kf6 Qxh5 65. g6 Qe5+ 66. Kf7 Qe7+ 67. Kg8 Ke6 68. Kh8 Kf6 0-1

[Event "CZE-ch U12 Girls"]
[Site "Kouty nad Desnou"]
[Date "2014.03.09"]
[Round "2"]
[White "Pribylova, Sofie"]
[Black "Markova, Kristyna"]
[Result "1-0"]
[WhiteElo "1540"]
[BlackElo "1366"]
[PlyCount "97"]
[EventDate "2014.03.08"]
[EventType "swiss"]
[EventRounds "9"]
[EventCountry "CZE"]
[SourceTitle "EXT 2015"]
[Source "ChessBase"]
[SourceDate "2014.11.20"]
[SourceVersion "1"]
[SourceVersionDate "2014.11.20"]
[SourceQuality "1"]

1. d4 e6 2. c4 b6 3. Nc3 Bb7 4. Bf4 Bb4 5. Rc1 Ne7 6. e3 d6 7. Nf3 Nd7 8. a3 Bxc3+ 9. Rxc3 Ng6 10. Bg3 Nf6 11. Bd3 Ne4 12. Qa4+ Qd7 13. Qxd7+ Kxd7 14. Rc1 Nxg3 15. hxg3 c5 16. Ke2 Rac8 17. b4 cxd4 18. exd4 f5 19. d5 Ne5 20. dxe6+ Kxe6 21. Nd4+ Kf6 22. f3 Nxd3 23. Kxd3 d5 24. cxd5 Rxc1 25. Rxc1 Bxd5 26. Rc7 a6 27. Rd7 Be6 28. Rd6 Re8 29. Rxb6 Kf7 30. Nxe6 Rxe6 31. Rxe6 Kxe6 32. Kc4 Kd6 33. b5 axb5+ 34. Kxb5 Kc7 35. a4 Kb7 36. a5 g6 37. a6+ Ka7 38. Ka5 g5 39. f4 Kb8 40. Kb6 Ka8 41. Kc5 Ka7 42. Kd5 Kxa6 43. Ke5 gxf4 44. gxf4 Kb6 45. Kxf5 Kc7 46. Kf6 Kd7 47. Kg7 Ke6 48. g4 Ke7 49. f5 1-0